5HLuxD.jpg

KING HENRY VIII SENIOR AND PRIMARY SCHOOL LIBRARY OPAC

THE BRIGHT SIDE (Record no. 5280)

000 -LEADER
fixed length control field 00342nam a22001217a 4500
008 - FIXED-LENGTH DATA ELEMENTS--GENERAL INFORMATION
fixed length control field 250902b ||||| |||| 00| 0 eng d
020 ## - INTERNATIONAL STANDARD BOOK NUMBER
International Standard Book Number 9780593530627
082 ## - DEWEY DECIMAL CLASSIFICATION NUMBER
Classification number 813.6 OTI
100 ## - MAIN ENTRY--PERSONAL NAME
Personal name OTIS,CHAD
Relator term AUTHOR
Language of a work ENGLISH
245 ## - TITLE STATEMENT
Title THE BRIGHT SIDE
260 ## - PUBLICATION, DISTRIBUTION, ETC.
Place of publication, distribution, etc. NEW YORK
Name of publisher, distributor, etc. ROCKY POND BOOKS /IMPRINT OF OF PENGUIN RANDOM LLC
Date of publication, distribution, etc. 2023
942 ## - ADDED ENTRY ELEMENTS (KOHA)
Source of classification or shelving scheme
Holdings
Withdrawn status Lost status Source of classification or shelving scheme Damaged status Not for loan Collection code Permanent Location Current Location Shelving location Date acquired Total Checkouts Full call number Barcode Date last seen Date last checked out Price effective from Koha item type Public note
          Fiction KH8 Primary School Library KH8 Primary School Library Fiction 2025-09-02 4 813.6 OTI KHPL000007107 2026-01-20 2026-01-13 2025-09-02 Books - Fiction PRIMARY LIBRARY

Powered By KH8 IT Dept